Abused and looked after children as `more dirt': child abuse and institutional care in historical perspective (Record no. 75265)

000 -LEADER
fixed length control field 00441pab a2200157 454500
008 - FIXED-LENGTH DATA ELEMENTS--GENERAL INFORMATION
fixed length control field 180718b2007 xxu||||| |||| 00| 0 eng d
100 ## - MAIN ENTRY--PERSONAL NAME
Personal name Ferguson, Harry
245 ## - TITLE STATEMENT
Title Abused and looked after children as `more dirt': child abuse and institutional care in historical perspective
260 ## - PUBLICATION, DISTRIBUTION, ETC.
Date of publication, distribution, etc. 2007
300 ## - PHYSICAL DESCRIPTION
Extent p.123-39.
362 ## - DATES OF PUBLICATION AND/OR SEQUENTIAL DESIGNATION
Dates of publication and/or sequential designation Jan
650 ## - SUBJECT ADDED ENTRY--TOPICAL TERM
Topical term or geographic name entry element Child abuse
773 ## - HOST ITEM ENTRY
Main entry heading Journal of Social Policy
908 ## - PUT COMMAND PARAMETER (RLIN)
Put command parameter N
909 ## -
-- 75265
Holdings
Withdrawn status Lost status Damaged status Not for loan Permanent Location Current Location Date acquired Serial Enumeration / chronology Barcode Date last seen Price effective from Koha item type
        Indian Institute of Public Administration Indian Institute of Public Administration 2018-07-19 Volume no: 36, Issue no: 1 AR75725 2018-07-19 2018-07-19 Articles

Powered by Koha